Kurs metodov optimizaciji

Salvato in:
Dettagli Bibliografici
Autori principali: Sucharev, Aleksej Grigorjevič (Autore), Fedorov, Vjačeslav Vasiljevič (Autore), Timochov, Aleksandr Vasiľjevič (Autore)
Natura: Libro
Lingua:russo
Pubblicazione: Moskva : Nauka, 1986
Edizione:1.vyd.
Tags: Aggiungi Tag
Nessun Tag, puoi essere il primo ad aggiungerne!!

MARC

LEADER 00000nam a22000003a 4500
001 stu7432
005 20150617225808.7
008 950316s1986----xxr-----------------rus-d
040 |a STU  |b slo 
041 0 |a rus 
044 |a xxr 
080 |a 519.71  |7 stu_us_auth*stu8254 
080 |a 517.977 
100 1 |a Sucharev, Aleksej Grigorjevič  |4 aut 
245 1 |a Kurs metodov optimizaciji 
250 |a 1.vyd. 
260 |a Moskva :  |b Nauka,  |c 1986 
300 |a 325 s 
700 1 |a Fedorov, Vjačeslav Vasiljevič  |4 aut 
700 1 |a Timochov, Aleksandr Vasiľjevič  |4 aut 
996 |b E61252  |c E*61252  |l EE03  |s P  |a 0  |w stu7432_0001 
996 |b E61253  |c E*61253  |l EE03  |s P  |a 0  |w stu7432_0002